| 000 | 00622nam a22002177a 4500 | ||
|---|---|---|---|
| 005 | 20170103154304.0 | ||
| 010 | _a ENG-117011 | ||
| 020 |
_a9788184845525 _c750.00 |
||
| 035 | _aEN-100543 | ||
| 037 |
_adpl _bAakar |
||
| 037 | _bDBAD/PUB | ||
| 082 | _a510 | ||
| 100 | _aBhatia,A.S. | ||
| 245 |
_aModern speed maths / _c by A.S. Bhatia |
||
| 250 | _a2nd ed.(rev.) | ||
| 260 |
_aNew Delhi _bRegal Publications _c2016 |
||
| 270 |
_a2/35,Ansari Road,Daryaganj _bNew Delhi _e110027 |
||
| 300 |
_aviii,184 _c23cm(Hb) |
||
| 500 | _aIncludes bibliographical references | ||
| 942 |
_2ddc _cEN _mBHA _h510 |
||
| 999 |
_c105731 _d105731 |
||